| 000 | 00431nam a22001217a 4500 | ||
|---|---|---|---|
| 999 |
_c9631 _d9631 |
||
| 003 | OSt | ||
| 008 | 201210b ||||| |||| 00| 0 eng d | ||
| 245 | _aMass Communicator International Journal of Communication Studies | ||
| 250 | _a2013(Jan-Mar Vol.7 No.1, Apr-Jun Vol.7 No.2, Jul -Sep Vol.7 No.3, Oct-Dec Vol.7 No.4) | ||
| 260 |
_aNew Delhi _bJIMS(Jagannath International Management School) |
||
| 650 | _aManagement | ||
| 942 |
_2ddc _cBV |
||